00837nam a2200205Ia 4500008004100000020001500041040001800056041000800074100003500082245010800117260007800225300001800303490003000321504005700351650003100408650003400439650003000473700002000503765010800523130821s1992 xxu gr eng  a0226115968 aCo-BoUCMbspa00aeng1 aHalbawachs, Mauriced1877-194510aOn collective memorycMaurice Halbwachs; edited, translated, and with an introduction by Lewis A. Coser aChicago (Illinois, estados Unidos)bThe University of Chicago Pressc1992 a224 páginas aThe Heritage of Sociology aIncluye bibliografía al pie de página e índice04aMemoriavAspectos sociales04aSociología del conocimiento04aTeoría del conocimiento aCoser, Lewis S. aLes cadres sociaux de la mémoire and from La topographie légendarie des évangiles en terre sainte